|
|
|
|
| LEADER |
00000cam a2200000 7i4500 |
| 001 |
0000224721 |
| 005 |
20180807.0 |
| 020 |
|
|
|a 9781499804737
|
| 090 |
0 |
0 |
|a JF
|b KEN
|
| 100 |
1 |
|
|a Kent, Jaden
|
| 245 |
1 |
4 |
|a The great troll quest
|c by Jaden Kent ; illustrated by Iryna Bodnaruk
|
| 260 |
|
|
|a New York :
|b Little Bee Books ,
|c 2017
|
| 300 |
|
|
|a 105p. :
|b ill. ;
|c 18cm.
|
| 490 |
0 |
|
|a Ella and Owen
|
| 650 |
|
0 |
|a Children's stories
|
| 700 |
1 |
|
|a Bodnaruk, Iryna
|
| 999 |
|
|
|a 00350166
|b BUKU
|c PINJAMAN
|e PERPUSTAKAAN KOMUNITI PETALING JAYA
|
| 999 |
|
|
|a 00362835
|b BUKU
|c PINJAMAN
|e PERPUSTAKAAN KOMUNITI PETALING JAYA
|